000 00713nam a2200217Ii 4500
003 JO-AjNU
008 230606s9999||||xx |||||||||||||| ||und||
020 _a978-1-4398-5400-6
040 _aJO-AjNU
_beng
_erda
_cJO-AjNU
041 _aeng
050 1 4 _aTD430.D764 2012
100 3 _aDrinan, Joanne /frank spellman ,
_eauthor
_94947
245 0 0 _aWater and waste water treatment :aguide for the nonengineering professional
250 _a2 ed
264 3 1 _aIce publishing ,2012
300 _a278p
336 _atext
_btxt
_2rdacontent
337 _aunmediated
_bn
_2rdamedia
338 _avolume
_bnc
_2rdacarrier
650 4 _aWater and waste water treatment :aguide for the nonengineering professional
_94948
999 _aE2559
_c2557
_d2557